Football teams with green jerseys - Statistics

General Stats
  • This quiz has been taken 60 times
  • The average score is 8 of 12
Answer Stats
Hint Answer % Correct
Scottish Premiership Celtic Glasgow
95%
Serie A Sassuolo
82%
Liga Portugal Sporting Portugal (Lisbon)
82%
Bundesliga Vfl Wolfsburg
82%
LaLiga Real Betis
80%
Bundesliga Werder Bremen
73%
Ligue 2 AS Saint-Étienne
65%
Super League Greece Panathinaikos
64%
Brasileiro Série A Palmeiras
45%
Bulgarian First League Ludogorets Razgrad
44%
EFL League Two Forest Green Rovers FC
31%
Russian Premier League Lokomotiv Moscow
29%
No matching quizzes found
Score Distribution
Percent of People with Each Score
Percentile by Number Answered
Your Score History
You have not taken this quiz